Colores de África / (Record no. 49977)

MARC details
000 -LEADER
campo de control de longitud fija 00743nam a2200241 i 4500
001 - NÚMERO DE CONTROL
campo de control 49977
003 - IDENTIFICADOR DE NÚMERO DE CONTROL
campo de control ES-MaACL
005 - FECHA Y HORA DE LA ÚLTIMA TRANSACCIÓN
campo de control 20260209164528.0
007 - CAMPO FIJO DE DESCRIPCIÓN FÍSICA--INFORMACIÓN GENERAL
campo de control de longitud fija t|
008 - DATOS DE LONGITUD FIJA--INFORMACIÓN GENERAL
campo de control de longitud fija 151020s2011 sp ||||1| spa d
020 ## - NÚMERO INTERNACIONAL ESTÁNDAR DEL LIBRO
Número Internacional Estándar del Libro 978-84-08-47131-8
080 ## - NÚMERO DE LA CLASIFICACIÓN DECIMAL UNIVERSAL
Número de la Clasificación Decimal Universal 913(6)
100 1# - ENTRADA PRINCIPAL--NOMBRE DE PERSONA
Nombre de persona Rodríguez, Chema,
Fechas asociadas al nombre 1967-
9 (RLIN) 157945
245 10 - MENCIÓN DEL TÍTULO
Título Colores de África /
Mención de responsabilidad, etc. Chema Rodríguez, [textos].
260 ## - PUBLICACIÓN, DISTRIBUCIÓN, ETC.
Lugar de publicación, distribución, etc. [Barcelona] :
Nombre del editor, distribuidor, etc. Planeta,
Fecha de publicación, distribución, etc. D.L. 2011.
300 ## - DESCRIPCIÓN FÍSICA
Extensión 295 p. :
Otras características físicas principalmente il. col. ;
Dimensiones 32 cm.
490 1# - MENCIÓN DE SERIE
Mención de serie Rutas del mundo ;
Designación de volumen o secuencia 6
651 #4 - PUNTO DE ACCESO ADICIONAL DE MATERIA--NOMBRE GEOGRÁFICO
Nombre geográfico África-
Subdivisión general Descripción
9 (RLIN) 7593
830 0# - PUNTO DE ACCESO ADICIONAL DE SERIE-TÍTULO UNIFORME
Título uniforme Rutas del mundo ;
Designación de volumen o secuencia 6
9 (RLIN) 185720
852 ## - LOCALIZACIÓN
Ubicación ES-MaACL
Número de control de estantería A-13439
itemnumber 51882
Sublocalización o colección R.150454
Ubicación en estantería Depósito 1
Signatura antigua Olim: N-6439
942 ## - ELEMENTOS DE ENTRADA SECUNDARIOS (KOHA)
Fuente del sistema de clasificación o colocación Clasificación decimal universal
Holdings
Estatus retirado Estado de pérdida Fuente del sistema de clasificación o colocación Estado de daño No para préstamo Biblioteca de origen Biblioteca actual Ubicación en estantería Fecha de adquisición Fuente de adquisición Total de préstamos Signatura topográfica completa Código de barras Visto por última vez Precio de reemplazo Tipo de ítem Koha
    Clasificación decimal universal     Biblioteca del Ateneo de Madrid Biblioteca del Ateneo de Madrid Depósito 1 20/10/2015 Donación   A-13439 1194282 23/02/2023 23/02/2023 Libro impreso